00556nam a2200145 a 450000100100000000500170001000800410002704000250006810000400009324500620013326000630019530000210025895201140027999900170039300003684820200930075956.0120202s1958 dr 000 0 spa d aDO-SdBNPbspacBNPHU1 aVitier, Medardo,d1886-1960.96319810aKant :biniciación en su filosofía /cMedardo Vitier. aLa Habana :bDepartamento de Relaciones Culturales,c1958. a195 p. ;c21 cm. 001054708PDaGRbGRcCTd2012-02-02iLF1l0o p36848-10r2020-06-25w2020-06-25yLFPDZPréstamo en sala c36339d36339